<?xml version="1.0" encoding="UTF-8"?>
<record
    xmlns:xsi="http://www.w3.org/2001/XMLSchema-instance"
    xsi:schemaLocation="http://www.loc.gov/MARC21/slim http://www.loc.gov/standards/marcxml/schema/MARC21slim.xsd"
    xmlns="http://www.loc.gov/MARC21/slim">

  <leader>01046nam a22002297a 4500</leader>
  <controlfield tag="001">BRCA_9205</controlfield>
  <controlfield tag="003">FranzMayer</controlfield>
  <controlfield tag="005">20220809134934.0</controlfield>
  <controlfield tag="008">220718b        |||||||| |||| 00| 0 eng d</controlfield>
  <datafield tag="040" ind1=" " ind2=" ">
    <subfield code="b">spa</subfield>
    <subfield code="c">MFM</subfield>
  </datafield>
  <datafield tag="041" ind1="0" ind2=" ">
    <subfield code="a">spa</subfield>
  </datafield>
  <datafield tag="050" ind1=" " ind2=" ">
    <subfield code="a">NK7101.5.T67</subfield>
    <subfield code="b">M49 2019</subfield>
  </datafield>
  <datafield tag="245" ind1=" " ind2=" ">
    <subfield code="a">M&#xE9;xico en plata : </subfield>
    <subfield code="b">historia y porvenir</subfield>
  </datafield>
  <datafield tag="260" ind1=" " ind2=" ">
    <subfield code="a">M&#xE9;xico : </subfield>
    <subfield code="b">Fundaci&#xF3;n E. Arocena, </subfield>
    <subfield code="c">2019</subfield>
  </datafield>
  <datafield tag="300" ind1=" " ind2=" ">
    <subfield code="a">111 p. :</subfield>
    <subfield code="b">fot. col. ; </subfield>
    <subfield code="c">23.5 x 30 cm. </subfield>
  </datafield>
  <datafield tag="500" ind1=" " ind2=" ">
    <subfield code="a">Ubicaci&#xF3;n: L59-N5</subfield>
  </datafield>
  <datafield tag="500" ind1=" " ind2=" ">
    <subfield code="a">Cat&#xE1;logo de la exposici&#xF3;n "M&#xE9;xico en plata. Cinco siglos de identidad compartida" en el Museo Arocena en Torre&#xF3;n, Coahuila (23 de marzo - 5 de agosto de 2012)</subfield>
  </datafield>
  <datafield tag="520" ind1=" " ind2=" ">
    <subfield code="a">En el 2009 el Museo Arocena de Torre&#xF3;n, Coahula se dio a la tarea de poner en valor la historia de la plater&#xED;a mexica a trav&#xE9;s de un magno proyecto expositivo que comprender&#xED;a obras art&#xED;sticas desde la &#xE9;poca del virreinato hasta el siglo XXI.</subfield>
  </datafield>
  <datafield tag="650" ind1=" " ind2=" ">
    <subfield code="a">Plata </subfield>
    <subfield code="v">Exposici&#xF3;n</subfield>
    <subfield code="x">Historia</subfield>
    <subfield code="z">Torre&#xF3;n (Coahuila, Mexico)</subfield>
    <subfield code="9">28457</subfield>
  </datafield>
  <datafield tag="942" ind1=" " ind2=" ">
    <subfield code="2">lcc</subfield>
    <subfield code="c">B</subfield>
  </datafield>
  <datafield tag="999" ind1=" " ind2=" ">
    <subfield code="c">10824</subfield>
    <subfield code="d">10824</subfield>
  </datafield>
  <datafield tag="952" ind1=" " ind2=" ">
    <subfield code="0">0</subfield>
    <subfield code="1">0</subfield>
    <subfield code="2">lcc</subfield>
    <subfield code="4">0</subfield>
    <subfield code="7">0</subfield>
    <subfield code="a">BRCA</subfield>
    <subfield code="b">BRCA</subfield>
    <subfield code="d">2022-07-18</subfield>
    <subfield code="l">0</subfield>
    <subfield code="o">NK7101.5.T67 M49 2019</subfield>
    <subfield code="p">CONT9984</subfield>
    <subfield code="r">2022-07-18 00:00:00</subfield>
    <subfield code="w">2022-07-18</subfield>
    <subfield code="y">B</subfield>
  </datafield>
</record>
